00432 2200181 4500001002100000005001500021008004100036020001800077035001900095041000700114082001100121090001100132100001900143245001900162260003200181300001800213990001900231INLIS00000000001014220241224113941241224||||||||| | ||| |||| || |  a979-662-554-3 0010-1224010142 aid0 a330.03 a330.030 aAgung Feryanto00aMateri ekonomi aKlatenbCempaka Putihc2013 aiv+60hlm;30cm a05.17.01.01.04